Wszystkie Ulice w Dzielnicy Wola w Warszawie - Statystyki

Ogólne statystyki
  • Ten quiz został rozwiązany 58 razy
  • Średni wynik to 41 z 220
Statystyki odpowiedzi
Litera Ulica % Poprawnych
G Górczewska
75%
O Okopowa
71%
W Wolska
71%
Ż Żelazna
71%
A Aleja Jana Pawła II
68%
P Płocka
68%
K Księcia Janusza
61%
O Obozowa
61%
A Aleja Prymasa Tysiąclecia
57%
A Aleja "Solidarności"
57%
C Chłodna
57%
P Prosta
57%
D Deotymy
54%
L Leszno
54%
M Marcina Kasprzaka
54%
P Powązkowska
54%
R Redutowa
54%
T Towarowa
54%
G Grzybowska
50%
N Nowolipie
50%
N Nowolipki
50%
K Kolejowa
46%
M Magistracka
46%
M Młynarska
46%
Ż Żytnia
46%
D Dzielna
43%
E Elekcyjna
43%
J Jana Kazimierza
43%
J Jana Olbrachta
43%
K Karolkowa
43%
T Tatarska
43%
A Aleje Jerozolimskie
39%
S Skierniewicka
39%
S Sokołowska
39%
E Esperanto
36%
O Ogrodowa
36%
S Siedmiogrodzka
36%
S Smocza
36%
Z Złota
36%
G Grenady
32%
J Józefa Bema
32%
N Niska
32%
P Połczyńska
32%
S Syreny
32%
T Twarda
32%
W Wawrzyszewska
32%
Z Zawiszy
32%
A Antka Rozpylacza
29%
C Czorsztyńska
29%
D Dzika
29%
E Erazma Ciołka
29%
F Fort Wola
29%
Ł Łucka
29%
W Wronia
29%
A Armatnia
25%
C Chmielna
25%
C Dalibora
25%
J Józefa Sowińskiego
25%
K Kolska
25%
K Krochmalna
25%
M Mordechaja Anielewicza
25%
P Parafialna
25%
P Pawia
25%
R Rogalińska
25%
S Sienna
25%
S Srebrna
25%
T Tunelowa
25%
Z Znana
25%
A Agawy
21%
D Dywizjonu 303
21%
D Działdowska
21%
E Elektoralna
21%
J Jana Ostroroga
21%
K Kacza
21%
L Ludwiki
21%
O Ożarowska
21%
P Pańska
21%
S Stawki
21%
B Brylowska
18%
C Ciepła
18%
J Jaktorowska
18%
J Jana Brożka
18%
M Miedziana
18%
M Miła
18%
P Platynowa
18%
P Przyokopowa
18%
R Radziwie
18%
S Spokojna
18%
U Ulrychowska
18%
W Wolność
18%
E Eustachego Tyszkiewicza
14%
G Gizów
14%
G Góralska
14%
H Hipolita Wawelberga
14%
I Ignacego Prądzyńskiego
14%
J Jana Długosza
14%
K Kozielska
14%
M Marynin
14%
M Mroczna
14%
R Rabsztyńska
14%
S Stanisława Staszica
14%
S Szarych Szeregów
14%
S Szlenkierów
14%
W Waliców
14%
A Astronomów
11%
B Banderii
11%
B Batalionu AK "Parasol"
11%
B Batalionu AK "Zośka"
11%
B Biała
11%
B Bitwy pod Lenino
11%
C Człuchowska
11%
G Giełdowa
11%
G Gostyńska
11%
G Grabowska
11%
I Icchoka Lejba Pereca
11%
M Monte Cassino
11%
P Piaskowa
11%
P Przy Lasku
11%
P Pustola
11%
S Stańczyka
11%
W Wieluńska
11%
A Aleja Obrońców Grodna
7%
B Berestecka
7%
B Białowiejska
7%
B Burakowska
7%
C Danuty Siedzikówny "Inki"
7%
D Dobrogniewa
7%
D Dorożkarska
7%
D Duchnicka
7%
E Edwarda Gibalskiego
7%
E Emanuela Ringelbluma
7%
G Gliniana
7%
G Gniewkowska
7%
G Grodziska
7%
G Gumińska
7%
H Hubalczyków
7%
J Jana Krysta
7%
J Jana Szymczaka
7%
J Juliana Konstantego Ordona
7%
K Kajetana Sołtyka
7%
K ks. Jana Sitnika
7%
Ł Łacińska
7%
L Laskowa
7%
L Lędzka
7%
M Mieczysława Wajnberga
7%
M Młocińska
7%
M Mszczonowska
7%
N Nakielska
7%
P Potrzebna
7%
P Przyce
7%
R Romańska
7%
S Seweryna Krzyżanowskiego
7%
S Sławińska
7%
Ś św. Stanisława
7%
Ś św. Wojciecha
7%
T Tadeusza Krępowieckiego
7%
T Traktorzystki
7%
W Wincentego Pola
7%
W Wschowska
7%
Z Złocienia
7%
A Aleja Jerzego Strzałkowskiego
4%
A Andrychowska
4%
A Antoniego Dobiszewskiego
4%
B Baltazara
4%
B Batalionu AK "Pięść"
4%
B Boguszewska
4%
B Bolecha
4%
B Bronisława Dobrzańskiego
4%
C Cypriana Kamila Norwida
4%
D Długomiła
4%
E Erika Dahlbergha
4%
F Franciszka Raszei
4%
G Goleszowska
4%
H Haberbuscha i Schielego
4%
H Henryka Barona
4%
H Hrubieszowska
4%
J Jana Szałka
4%
J Janusza Korczaka
4%
J Józefa Mireckiego "Montwiłła"
4%
K Kacpra Karlińskiego
4%
K Kajetana Garbińskiego
4%
K Kaprys
4%
K Klecka
4%
K Kłopot
4%
K Koszycka
4%
L Leonarda
4%
M Mikołaja Wierzynka
4%
O Okocimska
4%
O Olgi Boznańskiej
4%
P Parysowska
4%
R Radzanowska
4%
R Rodziny Kluczyńskich
4%
S Sebastiana Klonowicza
4%
S Sieradzka
4%
Ś Śliska
4%
S Słodowiecka
4%
S Stanisława Smolki
4%
S Stanisława Worcella
4%
S Strąkowa
4%
S Stroma
4%
S Studzienna
4%
S Symboliczna
4%
S Szańcowa
4%
S Sztuk Pięknych
4%
S Szulborska
4%
T Tadeusza Łomnickiego
4%
T Tylna
4%
W Władysława Przanowskiego
4%
W Władysława Warneńczyka
4%
W Włodzimierza Majakowskiego
4%
Ż Żubra
4%
Z Zwrotnicza
4%
A Aleja Narcyzy Żmichowskiej
0%
B Bodzanty
0%
E Edwarda Szymańskiego
0%
E Emila Zegadłowicza
0%
K Karola Szczecińskiego
0%
Nie znaleziono quizów pasujących do podanych kryteriów
Rozkład punktacji
Procent ludzi z każdym wynikiem
Percentyl według liczby udzielonych odpowiedzi
Twoja historia wyników
Nie rozwiązałeś tego quizu